000 00673nam a2200253 a 4500
001 nice12345678
003 IN_TiNIC
005 20260116012323.0
008 050524s1993 dela grp 000 0 eng
020 _a8185618
_c275
082 0 0 _a954.02
_bGOR
100 _aGordon, Stewart
245 _aMarathas 1600-1818(the New Cambridge History of India)
260 _aDelhi
_bCambridge University Press
_c1993
300 _a202p
500 _aincludes index and biblioraphy
505 2 _aAppendices, Biblio, Index
650 _aIndia-History
650 _aMarathas-History
700 1 _aGordon, Stewart
902 _bSRS
942 _cBK
999 _c6544
_d6544